|
|
|
|
| LEADER |
01302nam a2200301 u 4500 |
| 001 |
10010807 |
| 003 |
upatras |
| 005 |
20210117204319.0 |
| 008 |
881025s1994 us eng |
| 020 |
|
|
|a 0471016705
|
| 040 |
|
|
|a GR-PaULI
|c GR-PaULI
|
| 041 |
0 |
|
|a eng
|
| 082 |
0 |
4 |
|a 547.1223
|
| 100 |
1 |
|
|a Eliel, Ernest L.
|9 35504
|
| 245 |
1 |
0 |
|a Stereochemistry of organic compounds
|c Ernest L. Eliel, Samuel H. Wilen, Lewis N. Mander
|
| 260 |
|
|
|a New York
|b John Wiley & Sons
|c 1994
|
| 300 |
|
|
|a xv, 1267 p.
|b fig.
|c 23 cm
|
| 505 |
1 |
|
|a Includes references, glossary, index
|
| 650 |
|
4 |
|9 6745
|a Στερεοχημεία
|
| 650 |
|
4 |
|9 6745
|a Στερεοχημεία
|
| 700 |
1 |
|
|a Mander, Lewis N.
|9 127303
|
| 700 |
1 |
|
|a Wilen, Samuel H.
|9 127304
|
| 852 |
|
|
|a GR-PaULI
|b ΠΑΤΡΑ
|b ΒΚΠ
|b ΒΣ1
|k ΑΣΧΞ
|h 547.122 3 E
|m 18794
|p 025000093799
|t 2
|
| 852 |
|
|
|a GR-PaULI
|b ΠΑΤΡΑ
|b ΧΗΜΙΚΟ
|k ΑΣΧΞ
|h 547.122 ELI
|m 18793
|p 025000008992
|t 1
|
| 942 |
|
|
|2 ddc
|c BK15
|
| 952 |
|
|
|0 0
|1 0
|4 0
|6 547_122000000000000_3_E
|7 0
|9 141599
|a LISP
|b LISP
|c BSC
|d 2016-04-24
|i 18794
|l 0
|o 547.122 3 E
|p 025000093799
|r 2016-04-24 00:00:00
|t 2
|w 2016-04-24
|y BK15
|
| 952 |
|
|
|0 0
|1 0
|4 0
|6 547_122000000000000_ELI
|7 0
|9 141600
|a CHEM
|b CHEM
|d 2016-04-24
|i 18793
|l 0
|o 547.122 ELI
|p 025000008992
|r 2016-04-24 00:00:00
|t 1
|w 2016-04-24
|y BK15
|
| 999 |
|
|
|c 92635
|d 92635
|